000 00392nam a2200133Ia 4500
008 211118s9999||||xx |||||||||||||| ||und||
082 _a343.071
_bTIW-C
100 _aTiwari, O P
245 0 _aConsumer Protection Act, 1986
260 _bAllahabad Law Agency
_aHaryana
_c1996
630 _xTradePost Graduate Reference
650 _aSocial Sciences
_vConsumerCommerceEconomics
942 _cBOOK
999 _c102676
_d102676